Catálogo público

Reporte de fase de campo de la materia de Interrelación Agricultura-Industria / (Record no. 177592)

MARC details
000 -CABECERA
campo de control de longitud fija 02382nam a2200421Ia 4500
001 - NÚMERO DE CONTROL
campo de control dia_6486
003 - IDENTIFICADOR DEL NÚMERO DE CONTROL
campo de control CHAP
005 - FECHA Y HORA DE LA ÚLTIMA TRANSACCIÓN
campo de control 20240509122839.0
007 - CAMPO FIJO DE DESCRIPCIÓN FÍSICA--INFORMACIÓN GENERAL
campo de control de longitud fija ta
008 - DATOS DE LONGITUD FIJA--INFORMACIÓN GENERAL
campo de control de longitud fija 220117s2017 mx ado f 001 0 spa d
040 ## - FUENTE DE LA CATALOGACIÓN
Centro/agencia transcriptor CHAP
Centro catalogador/agencia de origen mxchpua
090 ## - LOCALMENTE ASIGNADO TIPO-LC NÚMERO DE CLASIFICACIÓN (OCLC); NÚMERO DE CLASIFICACIÓN LOCAL (RLIN)
Número de clasificación (OCLC) (R) ; Numero de clasificación, CALL (RLIN) (NR) T.C.739
Número cutter local (OCLC) ; Número de libro/Signatura topográfica íntegra, CALL (RLIN) S26 IAI
Año 2017
245 10 - MENCIÓN DE TÍTULO
Título Reporte de fase de campo de la materia de Interrelación Agricultura-Industria /
Mención de responsabilidad, etc. coordinadora Ofelia Sandoval Castilla ; colaboradores Itzel Abarca Leocadio...[y otros]
260 ## - PUBLICACIÓN, DISTRIBUCIÓN, ETC.
Lugar de publicación, distribución, etc. México :
Nombre del editor, distribuidor, etc. El autor,
Fecha de publicación, distribución, etc. 2017
300 ## - DESCRIPCIÓN FÍSICA
Extensión 179 páginas :
Otras características físicas ilustraciones, diagramas, tablas, gráficas, fotos
336 ## - TIPO DE CONTENIDO
Fuente rdacontent
Término de tipo de contenido texto
Código de tipo de contenido txt
337 ## - TIPO DE MEDIO
Fuente rdamedia
Nombre/término del tipo de medio no mediado
Código del tipo de medio n
338 ## - TIPO DE SOPORTE
Fuente rdacarrier
Nombre/término del tipo de soporte volumen
Código del tipo de soporte nc
500 ## - NOTA GENERAL
Nota general Grado: 5° año Grupo: 01
502 ## - NOTA DE TESIS
Nota de tesis Viaje de Estudios
Tipo de título (IAI) --
Nombre de la institución que otorga el título UACh. Departamento de Ingeniería Agroindustrial,
Año de obtención del título 2017
504 ## - NOTA DE BIBLIOGRAFÍA, ETC.
Nota de bibliografía, etc. Bibliografía: páginas 160-168
505 00 - NOTA DE CONTENIDO CON FORMATO
Nota de contenido con formato Empresas visitadas : --<br/>
Título 1.Productos Alimenticios Oly --<br/>2. Centro de Acopio El Ranchito --<br/>3. Centro de Acopio El Capulín --<br/>4. Centro de Acopio Tarimoro --<br/>5. Centro de acopio Duces Nombres --<br/>6. Centro de Acopio Lechería 1--<br/>7. Centro de Acopio Las Cañas --<br/>8. Centro de Acopio Emiliano Zapata --<br/>9. Fábrica de Cajetas La Reyna --<br/>10. La Tradicional de Salgado --<br/>11. Los Chiveros, S.P.R. de R.L. --<br/>12. CAPRINUTRE, S.P.R. de R. L. --<br/>13. Viñedos Azteca, S. A. de C. V. --<br/>14. Viñedo San Patricio --<br/>15. Sala vivé By Freixenet --<br/>16. Viñedos La Redonda --<br/>17. Bodegas de Cote Casa Vitivinícola --<br/>18. Viñedo Los Rosales
650 13 - PUNTO DE ACCESO ADICIONAL DE MATERIA--TÉRMINO DE MATERIA
Término de materia o nombre geográfico como elemento de entrada Leche de cabra
Subdivisión general Industria y comercio
9 (RLIN) 161606
Subdivisión geográfica México
-- Guanajuato
650 13 - PUNTO DE ACCESO ADICIONAL DE MATERIA--TÉRMINO DE MATERIA
Término de materia o nombre geográfico como elemento de entrada Industria del vino
9 (RLIN) 161605
Subdivisión geográfica México
-- Guanajuato
650 13 - PUNTO DE ACCESO ADICIONAL DE MATERIA--TÉRMINO DE MATERIA
Término de materia o nombre geográfico como elemento de entrada Industria agrícola
9 (RLIN) 154273
Subdivisión geográfica México
-- Guanajuato
650 13 - PUNTO DE ACCESO ADICIONAL DE MATERIA--TÉRMINO DE MATERIA
Término de materia o nombre geográfico como elemento de entrada Agricultural industry
9 (RLIN) 154272
Subdivisión geográfica Mexico
-- Guanajuato
650 13 - PUNTO DE ACCESO ADICIONAL DE MATERIA--TÉRMINO DE MATERIA
Término de materia o nombre geográfico como elemento de entrada Goat milk
Subdivisión general Industry and trade
9 (RLIN) 161604
Subdivisión geográfica México
-- Guanajuato
650 13 - PUNTO DE ACCESO ADICIONAL DE MATERIA--TÉRMINO DE MATERIA
Término de materia o nombre geográfico como elemento de entrada Wine industry
9 (RLIN) 161607
Subdivisión geográfica México
-- Guanajuato
700 1# - PUNTO DE ACCESO ADICIONAL--NOMBRE DE PERSONA
Nombre de persona Sandoval Castilla, Ofelia
9 (RLIN) 151810
Término indicativo de función/relación coordinadora
700 1# - PUNTO DE ACCESO ADICIONAL--NOMBRE DE PERSONA
Nombre de persona Abarca Leocadio, Itzel
9 (RLIN) 150531
Término indicativo de función/relación colaboradora
856 42 - LOCALIZACIÓN Y ACCESO ELECTRÓNICOS
Identificador Uniforme del Recurso <a href="http://10.13.5.2/ve/TC739IAI/TC739IAI2017-REPORTE.pdf">http://10.13.5.2/ve/TC739IAI/TC739IAI2017-REPORTE.pdf</a>
Texto de enlace DESCARGAR REPORTE
942 ## - ELEMENTOS DE PUNTO DE ACCESO ADICIONAL (KOHA)
Fuente del sistema de clasificación o colocación Clasificación Universidad Autónoma de Chapingo
901 ## - ELEMENTOS DE DATOS A LOCAL LDA (RLIN)
a T.C.739 S26 IAI 2017
902 ## - ELEMENTOS DE DATOS B LOCAL, LDB (RLIN)
a M
905 ## - ELEMENTOS DE DATOS E LOCAL, LDE (RLIN)
a 5232272017 mx nmdl8223123322spa16
942 ## - ELEMENTOS DE PUNTO DE ACCESO ADICIONAL (KOHA)
Tipo de ítem Koha Viaje de Estudios
Holdings
Estado de retiro Estado de pérdida Fuente del sistema de clasificación o colocación Estado dañado Restricciones de uso No para préstamo Código de colección Localización permanente Ubicación/localización actual Fecha de adquisición Fuente de adquisición Total de préstamos Signatura topográfica completa Código de barras Fecha visto por última vez Número de copia Precio válido a partir de Tipo de ítem Koha Ubicación en estantería
    Clasificación Universidad Autónoma de Chapingo   Préstamo interno   Viajes de Estudio Ingenieria Agroindustrial Ingenieria Agroindustrial 18/01/2022 El autor   T.C.739 S26 IAI 2017 1106010535 18/01/2022 Ej.2 18/01/2022 CD  
    Clasificación Universidad Autónoma de Chapingo   Préstamo interno   Viajes de Estudio Ingenieria Agroindustrial Ingenieria Agroindustrial 18/01/2022 El autor   T.C.739 S26 IAI 2017 1106010534 26/01/2026 Ej.1 18/01/2022 Viaje de Estudios  
    Clasificación Universidad Autónoma de Chapingo       Viajes de estudio - En línea Ingenieria Agroindustrial Ingenieria Agroindustrial 18/01/2022 El autor   T.C.739 S26 IAI 2017 1206010534 09/05/2024   09/05/2024 Viajes de Estudio - En línea En línea